| 000 | 00686nam a2200193 a 4500 | ||
|---|---|---|---|
| 005 | 20240924064229.0 | ||
| 008 | 991125s1990 mx 000 0 spa u | ||
| 020 | _a9682930227 | ||
| 035 | _aUPN01000023187 | ||
| 049 | _aSEP | ||
| 050 | 4 |
_aLB1725 B8 _bE9 |
|
| 245 | 0 | 0 |
_aEvaluación de egresados de educación normal : _binforme de resultados : Baja California Sur |
| 260 |
_aMéxico : _bSEP, Dirección General de Evaluación y de Incorporación y Revalidación, _c1990 |
||
| 300 | _a17 p. | ||
| 650 | 4 |
_aEducación normal _zMéxico _94429 |
|
| 710 | 1 |
_aMéxico. _bDirección General de Evaluación y de Incorporación y Revalidación _928361 |
|
| 904 |
_aAC _b023188 |
||
| 905 | _aLibro | ||
| 999 |
_c23187 _d23187 |
||